| 000 | 00455nam a2200169Ia 4500 | ||
|---|---|---|---|
| 008 | 251210s2025 xx 000 0 und d | ||
| 020 | _a9788194869351 | ||
| 041 | _aeng | ||
| 082 | _a610.7362 PAL | ||
| 100 | _aPal, Panchali | ||
| 245 | _aTextbook of pediatric nursing for B.Sc nursing students | ||
| 250 | _a3rd ed. | ||
| 260 |
_aNew Delhi _bCBS publishers and Distributors _c2025 |
||
| 300 | _a677p | ||
| 365 | _cRS | ||
| 650 | _aChild health nursing | ||
| 999 |
_c64151 _d64151 |
||